Food in Finnish 1: fruits - Statistics

General Stats
  • This quiz has been taken 11 times
  • The average score is 6 of 9
Answer Stats
Hint Answer % Correct
apple omena
100%
banana banaani
91%
pineapple ananas
82%
orange appelsiini
73%
pear päärynä
64%
peach persikka
64%
plum luumu
55%
grapes viinirypäle
55%
fruits hedelmät
45%
No matching quizzes found
Score Distribution
Percent of People with Each Score
Percentile by Number Answered
Your Score History
You have not taken this quiz